000 00851nam a22002777i 4500
003 DO-SdBNP
005 20250508094440.0
007 ta
008 250508b2025 |||||||| |||| 00| 0 spa d
020 _a9789945801583
040 _aDO-SdBNP
_bspa
_cBNPHU
_erda
041 _hspa
082 _axxx
_bP762b
_222
100 1 _aPolanco Beltré, Elías, Polanco, Ysrael
_eautor
_987524
245 0 4 _aLos bomberos son héroes /
_cElías Polanco Beltré, Ysrael Polanco
246 _aCuerpo de bomberos la Romana
264 _aSanto Domingo :
_bSantuario,
_c2025.
300 _a77 páginas :
_bilustraciones ;
_c24 cm
336 _ardacontent
_btexto
_2txt
337 _ardamedia
_bsin mediación
_2n
338 _ardacarrier
_bvolumen
_2nc
590 _aInventariado,2025/DG
700 _aPolanco, Ysrael
_eautor
_987702
910 _aDG
942 _2ddc
_cLBS1
999 _c58795
_d58795